000 01409nam a22002177a 4500
005 20150105162206.0
008 131113b2004 ck ||||| |||| 00| 0 spa d
040 _cCO-BoIAVH
041 _aspa
044 _ack
090 _aIAVH
_b01051
100 _aGonzález Vargas- Iván Andrés
_92538
245 _aEstudios de conservación genética en paisajes rurales y especies focales, aplicando diferentes técnicas y marcadores moleculares
260 _aBogota
_bInstituto de Investigación de Recursos Biológicos Alexander von Humboldt
_c2004
300 _a105 p.
_c29 cm,
520 _aonstituye la integración colaborativa de los esfuezos de estas líneas, para dar un mejor manejo a las investigaciones en biodiversidad y así poder diseñar estrategias integrales para su conservación. Esta propuesta pretende identificar, revisar, evaluar y planear experiencias que permitan implementar las psibilidades que ofrecen los marcadores moleculares a los objetivos de la línea de paisajes rurales, con el fin de generar proyecto e investigaciones en el tema. Desde un punto de vista molecular, permitirá implementar estudios dirigidos al conocimiento de poblaciones y especies con algún grado de amenaza, endémicas o insuficientemente conocidas.
650 _aConservación genética
_92539
650 _aPaisajes rurales
_92419
650 _aEspecies focales
_zColombia
_930981
942 _2z
_cINFORME
999 _c7798
_d7798